000 00560nam a2200229Ia 4500
003 OSt
005 20221005132542.0
006 a|||||r|||| 00| 0
007 ta
008 221004b |||||||| |||| 00| 0 guj d
024 _a62448
037 _cTextual
040 _aCRL
_cCRL
_bguj
041 _2guj
_aguj
082 _aO156,3x, J8
100 _aPatel Mohanlal
_9228510
245 0 _aTunda rastya
260 _c1958
650 _aGUJRATI LITERATURE
942 _hO156,3x, J8
_cTEXL
_2cc
999 _c1063974
_d1063974